000 00714ntaaa2200241 4500
003 01
005 20251027203210.0
008 0714s1973 ag 01
020 _a9780806696850
040 _aAR-BaBN
_bspa
_cAR-BaBN
_eaacr
_dRIC
082 _a224.2 C81j
100 _aCornou, María Eugenia
_931584
245 _aJeremías y lamentaciones /
_cMaría Eugenia Cornou
260 _aMinneapolis :
_bAugsburg Fortress,
_c2010
300 _a159 p.
490 _aConozca su Biblia
500 _aBibliografìa selecta p. 159
650 _aBIBLIA-ANTIGUO TESTAMENTO-JEREMIAS
_9955
650 _aBIBLIA-ANTIGUO TESTAMENTO-LAMENTACIONES
_91681
659 _aRELIGION
800 _aGonzález, Justo
_93979
942 _cBK
999 _c27418
_d27418